Statistics for Fresh prince of bel air quiz

Click here to take the quiz!

General Stats

  • This quiz has been taken 160 times
  • The average score is 5 of 15

Answer Stats

questionAnswer% Correct
Who is the starWill
99%
Who is the co starCarlton
79%
Who is his favorite cousinAshley
72%
What does Geoffrey call willMaster william
62%
Who did Hillary marryTrevor
48%
How did he dieBungee jumping
39%
What does will make fun of Carlton aboutHis height
15%
Who does jazz marryJewel
15%
What college do they go toULA
15%
Where does will come fromBel air
13%
What can get will emotionalHis dad leaving
13%
Why does he live in bel airHe got In a fight
9%
What is Hilary's catchphraseDaddy can I have 300 dollars
3%
What song has will sang multiple timesIm tellin you
2%
why do jazz and Carlton fight in the elevatorThey wanted to be the best man
2%

Score Distribution

Percentile by Number Answered

Percent of People with Each Score

Your Score History

You have not taken this quiz